Typy reliéfu Země

Enregistré dans:
Détails bibliographiques
Auteurs principaux: Demek, Jaromír (Auteur), Zeman, Jaroslav (Auteur)
Format: Livre
Langue:tchèque
Publié: Praha : Academia, 1979
Tags: Ajouter un tag
Pas de tags, Soyez le premier à ajouter un tag!

MARC

LEADER 00000nam a22000003a 4500
001 stu81488
005 20150617225638.1
008 030729s1979----cs------------------cze-d
040 |a STU  |b slo 
041 0 |a cze 
044 |a cs 
080 |a 552.1 
100 1 |a Demek, Jaromír  |4 aut 
245 1 |a Typy reliéfu Země 
260 |a Praha :  |b Academia,  |c 1979 
300 |a 327 s 
700 1 |a Zeman, Jaroslav  |4 aut 
996 |b 284V027085  |c V*17074/O-6289  |l VVT  |s A  |a 24  |w stu81488_0001